[Event "Southend Easter U1900 op 67th"]
[Site "Southend"]
[Date "2025.04.21"]
[Round "7"]
[White "Bhaduri, Aviraj"]
[Black "Scott, Jane"]
[Result "0-1"]
[WhiteElo "1475"]
[BlackElo "1682"]
[PlyCount "104"]
[EventDate "2025.04.18"]
[EventType "swiss"]
[EventRounds "7"]
[EventCountry "ENG"]
[SourceTitle "CB18_2025"]
[SourceDate "2025.04.30"]
[SourceVersion "1"]
[SourceVersionDate "2025.04.30"]
[SourceQuality "1"]

1. d4 Nf6 2. Nf3 g6 3. Bf4 Bg7 4. e3 0-0 5. Nbd2 d6 6. Bd3 Nbd7 7. 0-0 Re8 8. Bg3 b6 9. Re1 Bb7 10. e4 c5 11. c3 Nh5 12. d5 Nxg3 13. hxg3 Ne5 14. Nxe5 Bxe5 15. Nf3 Bg7 16. Rb1 a6 17. Ng5 h6 18. Nf3 Qc7 19. c4 Rad8 20. Qd2 e6 21. Re2 Rb8 22. a4 Bc8 23. b3 Bd7 24. Ree1 b5 25. axb5 axb5 26. Qc2 b4 27. Re2 Bc3 28. Qc1 Kh7 29. Ne1 Ra8 30. Nc2 Ra7 31. Ne3 Rea8 32. Nd1 Bd4 33. Ne3 Ra2 34. Nc2 Bc3 35. Kh2 Qd8 36. Qf4 Qe7 37. Ne3 e5 38. Qf3 Kg7 39. Rxa2 Rxa2 40. Qd1 Rxf2 41. Qc1 Ra2 42. Nd1 Bd2 43. Qc2 Rxc2 44. Bxc2 Qf6 45. Bd3 h5 46. g4 Bxg4 47. Rb2 Qh4+ 48. Kg1 Qe1+ 49. Kh2 Bf4+ 50. g3 Qxg3+ 51. Kh1 Bf3+ 52. Rg2 Qxg2# 0-1

[Event "Southend Easter U1900 op 67th"]
[Site "Southend"]
[Date "2025.04.18"]
[Round "2"]
[White "Bhaduri, Aviraj"]
[Black "Saxena, Reyansh"]
[Result "0-1"]
[WhiteElo "1475"]
[BlackElo "1660"]
[PlyCount "86"]
[EventDate "2025.04.18"]
[EventType "swiss"]
[EventRounds "7"]
[EventCountry "ENG"]
[SourceTitle "CB18_2025"]
[SourceDate "2025.04.30"]
[SourceVersion "1"]
[SourceVersionDate "2025.04.30"]
[SourceQuality "1"]

1. d4 Nf6 2. Nf3 e6 3. Bf4 b6 4. e3 Bb7 5. Nbd2 d6 6. Bd3 Nbd7 7. 0-0 Be7 8. Re1 Nh5 9. Bg3 Nxg3 10. hxg3 h5 11. Be4 Bxe4 12. Nxe4 f5 13. Ned2 g5 14. e4 f4 15. e5 dxe5 16. Nxe5 Nxe5 17. dxe5 fxg3 18. fxg3 Bc5+ 19. Kh1 h4 20. g4 h3 21. Ne4 Qe7 22. Nf6+ Kf7 23. Qf3 hxg2+ 24. Kxg2 Kg7 25. Nh5+ Rxh5 26. gxh5 Rf8 27. Qe4 Rf2+ 28. Kg3 Qf7 29. h6+ Kh8 30. Rac1 Rf4 31. Qg2 Bf2+ 32. Kh2 Rh4+ 33. Qh3 Rxh3+ 34. Kxh3 Bxe1 35. Rxe1 Qf3+ 36. Kh2 Qf2+ 37. Kh3 Qxe1 38. Kg4 Qe3 39. Kh5 Qf4 40. Kg6 Qf5+ 41. Kh5 Kh7 42. a4 Qf4 43. b4 Qh4# 0-1

[Event "Southend Easter U1700 rapid op 67th"]
[Site "Southend"]
[Date "2025.04.17"]
[Round "1"]
[White "Bhaduri, Aviraj"]
[Black "Eagle, Joe"]
[Result "0-1"]
[WhiteElo "1523"]
[BlackElo "1602"]
[PlyCount "66"]
[EventDate "2025.04.17"]
[EventType "swiss (rapid)"]
[EventRounds "6"]
[EventCountry "ENG"]
[SourceTitle "CB18_2025"]
[SourceDate "2025.04.30"]
[SourceVersion "1"]
[SourceVersionDate "2025.04.30"]
[SourceQuality "1"]

1. d4 Nf6 2. Nf3 g6 3. Bf4 Bg7 4. e3 d6 5. Nbd2 0-0 6. Bd3 c5 7. c3 cxd4 8. exd4 Nbd7 9. 0-0 Nb6 10. Re1 Nbd5 11. Bg3 Bd7 12. Bc2 Re8 13. Ne4 Nxe4 14. Bxe4 Bc6 15. Bh4 Qc7 16. Bg3 a5 17. Ng5 a4 18. Qg4 Nf6 19. Qf3 Bxe4 20. Rxe4 h6 21. Be5 hxg5 22. Bxf6 Bxf6 23. Rae1 Qd7 24. d5 Qf5 25. R1e3 Qxf3 26. Rxf3 Be5 27. c4 Bxb2 28. Rfe3 Bf6 29. Rf3 Kg7 30. Rd3 Rac8 31. c5 Rxc5 32. Rf3 Rc1+ 33. Re1 Rxe1# 0-1

[Event "Southend Easter U1700 rapid op 67th"]
[Site "Southend"]
[Date "2025.04.17"]
[Round "4"]
[White "Fortunato, Bartolomeo"]
[Black "Bhaduri, Aviraj"]
[Result "1-0"]
[WhiteElo "1680"]
[BlackElo "1523"]
[PlyCount "121"]
[EventDate "2025.04.17"]
[EventType "swiss (rapid)"]
[EventRounds "6"]
[EventCountry "ENG"]
[SourceTitle "CB18_2025"]
[SourceDate "2025.04.30"]
[SourceVersion "1"]
[SourceVersionDate "2025.04.30"]
[SourceQuality "1"]

1. e4 c5 2. Nc3 g6 3. f4 Bg7 4. Nf3 Nc6 5. d3 d6 6. Be2 e6 7. 0-0 Nge7 8. Be3 Nd4 9. e5 Nef5 10. Bxd4 Nxd4 11. Nxd4 cxd4 12. Ne4 dxe5 13. fxe5 Bxe5 14. Rf3 b6 15. Qf1 0-0 16. Nf6+ Bxf6 17. Rxf6 Kg7 18. Rf3 Bb7 19. Rg3 Qf6 20. Bf3 Bxf3 21. Rxf3 Qd8 22. Re1 Rc8 23. Qe2 Qc7 24. Rc1 Qc6 25. Qe5+ f6 26. Qxd4 Qc5 27. Qxc5 Rxc5 28. c3 Rd8 29. Rcf1 f5 30. d4 Rb5 31. b3 Ra5 32. a4 b5 33. axb5 Rxb5 34. b4 Rc8 35. Ra1 Rb7 36. Ra6 Re8 37. Re3 Kf7 38. Kf2 Ree7 39. Ke2 Rec7 40. Kd3 Rb6 41. Rxb6 axb6 42. Re5 Rc6 43. c4 Rd6 44. c5 Rc6 45. Kc4 bxc5 46. dxc5 Kf6 47. Re3 e5 48. b5 Rc8 49. Rd3 e4 50. Rd1 Re8 51. c6 Rc8 52. Kc5 Ke6 53. g3 g5 54. b6 f4 55. gxf4 gxf4 56. b7 Rf8 57. c7 f3 58. c8Q+ Rxc8+ 59. bxc8Q+ Kf6 60. Qc7 f2 61. Rd6+ 1-0